000 00695nam a2200181 i 4500
001 22979
003 ES-MaACL
005 20230906152805.0
007 t|
008 021205s1938 sp ||||1| spa d
100 1 _aAlvarez de Toledo y Valero, Ramón.
_920787
245 1 0 _aEstudios de criminología española
_b: la criminalidad femenina en España y su estudio comparativo con la masculina /
_cpor Ramón Alvarez de Toledo y Valero.
260 _aGranada :
_b[s.n.,
_c1938] (
_fImp. Paulino Ventura)
300 _a141 p. ;
_c25 cm.
500 _aSeparata de: Boletín de la Universidad de Granada.
740 0 _aBoletín de la Universidad de Granada.
852 _aES-MaACL
_jA-5170
_bR.18086
999 _c22979
_d22979